000 00235nam a2200085Ia 4500
008 120527s9999 xx 000 0 und d
100 _aGreer,A.
245 _aMathematics for technicians level II electrical engineering maths.
942 _cBK
999 _c22322
_d22322